Genshin Impact Trivia - Liyue Archon Quest - Statistics

General Stats
  • This quiz has been taken 39 times
  • The average score is 12 of 15
Answer Stats
Hint Answer % Correct
What playable character saves you from the guards when escaping the scene of the Geo Archon's death? Tartaglia
100%
During the above's boss fight, how many phases do they have? 3
97%
Name a playable character from Liyue that didn't appear in the Archon Quest. (Only counting characters that were playable as of the end of Version 1.1) Chongyun/Xiangling/Xingqiu/Xinyan
97%
Is the above the final boss in the Archon quest? Yes/No No (But pre-nerf might as well be)
97%
What rank does he have among those with the same position? 11
94%
What faction does the above answer belong to? Fatui
94%
The first Dendro Vision Wielder you meet during the Archon quest? Baizhu
92%
What name do the people of Liyue use when referring to the Geo Archon? Rex Lapis
83%
Name any Adeptis you meet during the Archon quest by there adeptis name. Cloud Retainer/Conqueror of Demons/Moon Carver/Mountain Shaper
81%
What name do the people outside of Liyue use when referring to the Geo Archon? Morax
81%
What position does they have in the above answer? Harbinger
78%
What does Qiqi want you to get for her? Cocogoat
69%
What does she want it for? Coconut Milk
33%
What was the form the above uses in the final phase called? Foul Legacy
31%
Who was the first playable character from Liyue you see? Ninnguang
25%
No matching quizzes found
Score Distribution
Percent of People with Each Score
Percentile by Number Answered
Your Score History
You have not taken this quiz